Welcome to the Holygrace Academy Library

Please use search bar below to get started

SRINIVASA RAMANUJAN (Record no. 6925)

MARC details
000 -LEADER
fixed length control field 00553nam a22001457a 4500
020 ## - INTERNATIONAL STANDARD BOOK NUMBER
ISBN 978-93-95976-84-8
082 ## - DEWEY DECIMAL CLASSIFICATION NUMBER
Classification number 823
Item number MAP/A
100 ## - MAIN ENTRY--AUTHOR NAME
Personal name MAPLE KIDS
245 ## - TITLE STATEMENT
Title SRINIVASA RAMANUJAN
Remainder of title INDIAN SCIENTISTS
260 ## - PUBLICATION, DISTRIBUTION, ETC. (IMPRINT)
Place of publication UP
Name of publisher MAPLE KIDS
Year of publication 2023
300 ## - PHYSICAL DESCRIPTION
Number of Pages 16
520 ## - SUMMARY, ETC.
Summary, etc Srinivasa Ramanujan, (born December 22, 1887, Erode, India—died April 26, 1920, Kumbakonam), Indian mathematician whose contributions to the theory of numbers include pioneering discoveries of the properties of the partition function.
650 ## - SUBJECT ADDED ENTRY--TOPICAL TERM
Topical Term SHORT STORY
942 ## - ADDED ENTRY ELEMENTS (KOHA)
Koha item type Books
Holdings
Withdrawn status Lost status Collection code Home library Current library Shelving location Date acquired Source of acquisition Cost, normal purchase price Full call number Accession Number Koha item type
    Fiction Main Library Main Library NEW SHELF WITH NEW ENTRY 14/09/2023 Purchase 35.00 823 MAP/A 12837 Books